| 000 | 00830nam a22002057a 4500 | ||
|---|---|---|---|
| 008 | 130821s1947 mx gr spa | ||
| 040 |
_aCo-BoUCM _bspa |
||
| 041 | 0 | 0 | _aspa |
| 092 | _aFN 000077 | ||
| 100 |
_aHesse, Hermann _d1877-1962 _968039 |
||
| 245 | 0 | 0 |
_aDemian _bhistoria de la juventud de Emilio Sinclaire _cHermann Hesse, traducción del alem n por Luis López-Ballesteros y de Torres |
| 260 |
_aMéxico D.F. (México) _bEditorial Colón _c1947 |
||
| 300 | _a270 páginas | ||
| 500 | _aPremio Nóbel de Literatura en 1946. -- Incluye índice. -- Este libro se encuentra en el depósito de la biblioteca | ||
| 650 | 0 | 4 |
_aLiteratura alemana _918601 |
| 650 | 0 | 4 |
_aNovela alemana _920461 |
| 650 | 0 | 4 |
_aValores (Filosofía) _926079 |
| 700 |
_aLópez-Ballesteros y de Torres, Luis. _eTr _9138045 |
||
| 942 |
_cLIBRO _a27 _e1 _n0 |
||
| 999 |
_c85458 _d85458 |
||